Gramsci y el bloque histórico

Bewaard in:
Bibliografische gegevens
Hoofdauteur: Portelli, Hugues
Formaat: Texto
Gepubliceerd in: México D.F: Siglo Veintiuno
Editie:9
Tags: Voeg label toe
Geen labels, Wees de eerste die dit record labelt!

MARC

LEADER 00000 a a2200000 04500
001 24940
003
040
020 |a 968-23-0018-5  
090 |a 175800  
100 |a Portelli, Hugues  
245 |a Gramsci y el bloque histórico  
250 |a 9  
260 |a México D.F:   |b Siglo Veintiuno  
300 |a 162 p  
999 |c 16206  |d 16206